Score 0/15 Timer 01:30
1 Play Today
Hint 4-Letter Word % Correct
Molten rockLAVA
96.6%
Hermione Granger's weaponWAND
91.3%
Designer VeraWANG
91.3%
A section of a hospitalWARD
90.7%
Hockey positionWING
87.8%
* Type of Bean #1 **LIMA*
84.4%
Tibetan monkLAMA
82.8%
CautiousWARY
80.4%
Hint 4-Letter Word % Correct
Famed Chinese dynastyMING
80.1%
Undulating, like the surface of the seaWAVY
78.2%
* Type of Bean #2 **FAVA*
73.1%
* Type of Bean #3 **NAVY*
72.2%
Top choice, for shortFAVE
70.7%
Central church areaNAVE
70.5%
* Type of Bean #4 **MUNG*
40.8%

Today's Daily Dose

Missing Word
Formula One Champs

Word Ladder
Cranium

Remove Ads.
Support Sporcle.
Get the best of Sporcle when you Go Orange. This ad-free experience offers more features, more stats, and more fun while also helping to support Sporcle. Thank you for becoming a member.

You're not logged in!

Compare scores with friends on all Sporcle quizzes.
OR
Log In

Sporcle TV

Today on Sporcle TV


Watch our educational content, quiz creation guides, and fun videos on Sporcle TV.

Show Comments

Extras

Top Quizzes Today


Score Distribution

Paid Content

Your Account Isn't Verified!

In order to create a playlist on Sporcle, you need to verify the email address you used during registration. Go to your Sporcle Settings to finish the process.

Report this User

Report this user for behavior that violates our Community Guidelines.

Details: